000 01133nam a2200289 a 4500
999 _c327901
_d327901
003 BLK
005 20240301151543.0
008 181217b bu a|||gr|||| 00| 0 bu d
020 _a9789540912530
040 _aBLK
041 _aBUL
_cBUL
080 _aБългарска литература
_b821.163.2
_x-1
_z821.163.2-1
100 1 _aЦанева, Габриела Цанева
_d1964-
_gАвтор на поезия, проза и илюстрации.
_9139020
139 _aЦанева, Габриела Цанева
_bЦ 16
245 _aВисокосният ден
_bлирика
260 _9209473
_aСофия
_bЗахарий Стоянов
_c2018
_f Миг принт
_g2018
300 _a152 с.
_bс ил.
_c20 см
380 _aX
653 7 _9193978
_aпоезия
700 1 _aЦанева, Габриела Цанева
_d1964-
_gАвтор на поезия, проза и илюстрации.
_9139020
852 _aЦб 292686
852 _aК 821.163.2/Ц 16 Г
942 _cKNG
_n0
_s1
944 _aCR
_c2018-12-17
_k30560
_lГеновева Генчева
999 _d327901
999 _d327901